Tecnología de la información y competitividad de las empresas /
Guardado en:
| Autor principal: | |
|---|---|
| Formato: | Texto |
| Etiquetas: |
Agregar Etiqueta
Sin Etiquetas, Sea el primero en etiquetar este registro!
|
MARC
| LEADER | 00000 a a2200000 04500 | ||
|---|---|---|---|
| 001 | 41179 | ||
| 003 | |||
| 040 | |||
| 100 | |a Bondu M., René-Pierre | ||
| 245 | |a Tecnología de la información y competitividad de las empresas / |c René-Pierre Bondu M. | ||
| 773 | |g volumen28, número2 ( , 1998), páginas 7-17 | ||
| 999 | |c 26897 |d 26897 | ||
